| 000 | 00622nam a2200181Ia 4500 | ||
|---|---|---|---|
| 999 |
_c53247 _d53247 |
||
| 003 | GCL | ||
| 005 | 20240530105118.0 | ||
| 008 | 140319s9999 xx 000 0 ara d | ||
| 040 |
_aGCL / _cGCL |
||
| 082 | 0 | 4 |
_a070.01 _bس ص |
| 100 | 1 | _aسليمان جازع الشمرى | |
| 245 | 1 | 0 |
_aالصحافة والقانون فى العالم العربى والولايات المتحدة / _cسليمان جازع الشمرى |
| 260 |
_a[S.N] : _bالدار الدولية للنشر والتوزيع ، _c1993 |
||
| 300 | _a260 ص | ||
| 650 | 0 | 4 | _aالصحافة |
| 650 | 0 | 4 | _aحرية الصحافة |
| 942 |
_2ddc _cBK |
||